000 00672nam a2200217 a 4500
001 BRCA_2680
005 20190320203924.0
008 021208s1961----fr-a---###---#000-0#fre-#
050 4 _aNK2808
_b.H36 1961
100 1 _aHangeldian, Armen E.
_97600
245 1 0 _aLes Tapis d´Orient
_cArmen Hangeldian ; traduis de l´italien par Jeanne de Recqueville.
260 _aParis
_bGuy Le Prat
_c1961
300 _a339 p.
_bil.
_c28 cm.
500 _aIncluye índice analítico y tabla de materias
500 _aA124
504 _aBibliografía : p. 331
650 1 4 _aTapetes orientales
_97601
700 1 _aRecqueville, Jeanne de
_etr
_97602
902 _aGFM
942 _2lcc
_cB
999 _c2420
_d2420